| 000 | 02981cam a22006374i 4500 | ||
|---|---|---|---|
| 003 | PE-LiUPU | ||
| 005 | 20250731165444.0 | ||
| 008 | 161018s2014 mx a rb 001 0 spa d | ||
| 020 | _a9786071717948 | ||
| 035 | _a(Sirsi) a164366 | ||
| 040 |
_aPE-LiUPU _bspa _cPE-LiUPU _erda |
||
| 082 | 0 | 4 |
_a001.42 _bV66 2014 |
| 100 | 1 |
_aVillarreal Ríos, Enrique, _eautor. |
|
| 245 | 1 | 0 |
_aRedacción del artículo científico / _cEnrique Villarreal Ríos [y otros tres]. |
| 250 | _aPrimera edición. | ||
| 264 | 1 |
_aMéxico : _bTrillas, _c2014. |
|
| 300 |
_a80 páginas : _bilustraciones ; _c23 centímetros |
||
| 336 |
_atext _2rdacontent |
||
| 337 |
_aunmediated _2rdamedia |
||
| 338 |
_avolume _2rdacarrier |
||
| 504 | _aBibliografía : páginas 73-77. | ||
| 504 | _aÍndice : páginas 79-80. | ||
| 505 | 0 | _aNormas de Vancouver -- Elección de la revista -- Objetivo -- Metodología -- Resultados -- Introducción -- Referencias bibliográficas -- Discusión -- Resumen -- Título -- Autores y adscripción -- Responsable de la publicación -- Carta de presentación -- Responsabilidad de autoría -- Transferencia de derechos de autor -- Después del envío del artículo. | |
| 526 | _aSEG44 | ||
| 526 | _aSEG26 | ||
| 526 | _aP151 | ||
| 526 | _aP150 | ||
| 526 | _aP149 | ||
| 526 | _aP146 | ||
| 526 | _aP145 | ||
| 526 | _aP126 | ||
| 526 | _aP125 | ||
| 526 | _aP92 | ||
| 526 | _aP75 | ||
| 526 | _aP74 | ||
| 526 | _aP27 | ||
| 526 | _aP15 | ||
| 541 | _g048-005604; | ||
| 541 | _g002-00000055; | ||
| 650 | 0 | 4 |
_aInformes _xredacción. |
| 650 | 0 | 4 |
_aInvestigación _xmetodología. |
| 700 | 1 |
_aGalicia Rodríguez, Liliana, _eautor. |
|
| 700 | 1 |
_aMartínez Gonzáles, Lidia, _eautor. |
|
| 700 | 1 |
_aVargas Daza, Emma Rosa, _eautor. |
|
| 910 |
_btqv _cwelc _d20161018 |
||
| 910 |
_adbm _bncf _cncf _d20180528 |
||
| 942 |
_2ddc _cBOOK |
||
| 949 |
_a001.42 V66 2014 _wDEWEY _c1 _iFJ03008 _lCCODEBUJ1 _mBUJ _p7.40 _r0 _sY _tBOOK _u2016-10-18 _xFCE _PP08 _0COMPRA _o.STAFF. Colección General Juliaca |
||
| 949 |
_a001.42 bV66 _wDEWEY _c1 _iFT03184 _lCCODEBUT1 _mBUT _p8.80 _r0 _sY _tBOOK _u2017-09-26 _xFCE _PP08 _0COMPRA _o.STAFF. Colección General |
||
| 994 |
_aC0 _bPEPRU |
||
| 596 | _a1 2 3 | ||
| 999 |
_a001.42 V66 2014 _wDEWEY _c13189 _iFJ03008 _d13189 _e2018-11-8 _f2021-12-27 _g4 _lCCODEBUJ1 _mBUJ _n8 _p7.40 _q6 _r0 _sY _tBOOK _u2016-10-18 _xFCE _PP08 _0COMPRA _o.STAFF. Colección General Juliaca |
||
| 999 |
_a001.42 V66 2014 _wDEWEY _c1 _iFT03184 _f2019-2-20 _g2 _lCCODEBUT1 _mBUT _p8.80 _r0 _sY _tBOOK _u2017-9-26 _xFCE _PP08 _0COMPRA _o.STAFF. Colección General Tarapoto |
||
| 999 |
_a001.42 V66 _wDEWEY _c1 _i78628 _d2019-11-29 _e2019-11-25 _f2021-11-4 _g4 _lCCODEBUL1 _mBUL _n8 _p11.62 _q3 _r0 _sY _tBOOK _u2018-5-28 _xBIBLIOTECA _PP91 _0COMPRA _1FCOMPRA _o.STAFF. Colección Ciencias de la Salud |
||
| 980 |
_81 _gALBERTO SANCHEZ Responsable de Automatización |
||